Ανάλυση δεδομένων με το Microsoft Excel : αναζήτηση πληροφοριών με το Excel, την Access, το Data analyzer και τα Office Web Components της Microsoft : λήψη, ανάλυση, και παρουσίαση δεδομένων για επιχειρηματικές αποφάσεις : καλύπτει τα Microsoft Office XP/2000

Αποθηκεύτηκε σε:
Λεπτομέρειες βιβλιογραφικής εγγραφής
Κύριος συγγραφέας: Cornell, Paul, 1968-
Μορφή: Βιβλίο
Γλώσσα:Greek
English
Δημοσίευση: Αθήνα : Κλειδάριθμος, c2003.
Θέματα:
Ετικέτες: Προσθήκη ετικέτας
Δεν υπάρχουν, Καταχωρήστε ετικέτα πρώτοι!

MARC

LEADER 00000cam a2200000 i 4500
001 1/76128
008 080226s2003 gr | ||| |||| ||gre||
020 |a 9602097124 
035 |l 10095098 
040 |a GR-MyUa  |b gre  |e AACR2 
041 1 |a gre  |h eng 
082 7 |a 005.369   |2 (22) 
100 1 |a Cornell, Paul,   |d 1968- 
245 1 0 |a Ανάλυση δεδομένων με το Microsoft Excel :   |b αναζήτηση πληροφοριών με το Excel, την Access, το Data analyzer και τα Office Web Components της Microsoft : λήψη, ανάλυση, και παρουσίαση δεδομένων για επιχειρηματικές αποφάσεις : καλύπτει τα Microsoft Office XP/2000 /   |c Paul Cornell ; μετάφραση Π. Κοκκώνης. 
260 |a Αθήνα :   |b Κλειδάριθμος,   |c c2003. 
300 |a 402 σ. :   |b πίν. ;   |c 23 εκ. +   |e 1 οπτική δισκέτα λέϊζερ (4 3/4 ίν.) 
500 |a Τίτλος πρωτοτύπου: Accessing and analyzing data with Microsoft Excel. 
500 |a Περιλαμβάνει ευρετήριο. 
630 0 0 |a Microsoft Excel (Computer file) 
650 0 |a Business  |x Data processing. 
650 0 |a Business  |x Computer programs. 
852 |a INST  |b CHIOS  |e 20080227  |h 005.369 COR  |p 005200027734  |q 005200027734  |t BK  |y 4  |x 20110705 
852 |a INST  |b CHIOS  |e 20080227  |h 005.369 COR   |p 005200027800  |q 005200027800  |t BK  |y 0 
901 |a BIBL2-2008-1 
922 |a 2ΕΛΗ  |b 200802  |c ΕΠΕΑΕΚ2/ΤΜΟΔ  |d Σ. ΠΑΤΑΚΗΣ 
970 |a ΒΑΡΦΗΣ  |b ΒΑΓΓΕΛΗΣ  |z 2008/02/26